[Event "Primorsko Dyuni op 1st"]
[Site "Primorsko"]
[Date "2016.05.22"]
[Round "3"]
[White "Ivanov, Ivan Mikov"]
[Black "Simeonov, Svetoslav"]
[Result "1-0"]
[WhiteElo "2065"]
[BlackElo "1787"]
[PlyCount "115"]
[EventDate "2016.05.21"]
[EventType "swiss"]
[EventRounds "7"]
[EventCountry "BUL"]
[SourceTitle "CBM 172 Extra"]
[Source "ChessBase"]
[SourceDate "2016.06.21"]
[SourceVersion "1"]
[SourceVersionDate "2016.06.21"]
[SourceQuality "1"]

1. d4 Nf6 2. Nf3 d5 3. e3 g6 4. Bd3 Bg7 5. 0-0 0-0 6. c3 Bg4 7. h3 Be6 8. Ng5 Bc8 9. Nd2 Nbd7 10. Ngf3 c5 11. e4 dxe4 12. Nxe4 Qc7 13. Nxc5 Nxc5 14. dxc5 Qxc5 15. Be3 Qc7 16. Bd4 Rd8 17. Qe2 e6 18. Rad1 Qe7 19. Rfe1 b6 20. Bc4 h6 21. Ne5 Rd6 22. Bb3 Nd5 23. Bc2 Qg5 24. Qg4 Qxg4 25. Nxg4 h5 26. Bxg7 Kxg7 27. Ne5 b5 28. b3 Rb6 29. c4 bxc4 30. bxc4 Nf6 31. Rb1 Rab8 32. c5 Rxb1 33. Rxb1 Rxb1+ 34. Bxb1 Nd7 35. Nxd7 Bxd7 36. Be4 Bc8 37. Kf1 Kf6 38. Ke2 Ke5 39. Ke3 f5 40. Ba8 f4+ 41. Kd3 Ba6+ 42. Kc3 Bf1 43. h4 a5 44. a3 Kf6 45. g3 fxg3 46. fxg3 e5 47. Kd2 Ke6 48. Ke3 Kf6 49. Bd5 Ba6 50. c6 Bc8 51. c7 Ke7 52. Be4 Kf6 53. Kd3 g5 54. Kc4 gxh4 55. gxh4 Ke6 56. Kc5 Kd7 57. Kb6 Kd6 58. Bf3 1-0

[Event "Primorsko Dyuni op 1st"]
[Site "Primorsko"]
[Date "2016.05.21"]
[Round "2"]
[White "Simeonov, Svetoslav"]
[Black "Panayotov, Yanko"]
[Result "1/2-1/2"]
[WhiteElo "1787"]
[BlackElo "2172"]
[PlyCount "66"]
[EventDate "2016.05.21"]
[EventType "swiss"]
[EventRounds "7"]
[EventCountry "BUL"]
[SourceTitle "CBM 172 Extra"]
[Source "ChessBase"]
[SourceDate "2016.06.21"]
[SourceVersion "1"]
[SourceVersionDate "2016.06.21"]
[SourceQuality "1"]

1. c4 Nf6 2. Nc3 c5 3. g3 g6 4. Bg2 Bg7 5. Nf3 0-0 6. 0-0 Nc6 7. d4 cxd4 8. Nxd4 Nxd4 9. Qxd4 d6 10. Bg5 Be6 11. Qd3 Qa5 12. Bd2 Qh5 13. h4 Rab8 14. b3 a6 15. Rac1 Rfc8 16. e4 b5 17. cxb5 axb5 18. Ne2 b4 19. Nf4 Qa5 20. Nxe6 fxe6 21. Rc2 Nd7 22. Rfc1 Rc5 23. Bh3 Kf7 24. Qf3+ Bf6 25. Bxe6+ Kxe6 26. Qg4+ Kf7 27. Qxd7 Rbc8 28. Rxc5 Rxc5 29. Qa4 Qxa4 30. bxa4 Ra5 31. Bxb4 Rxa4 32. a3 Bb2 33. Rb1 Bxa3 1/2-1/2

[Event "Varna op-B 9th"]
[Site "Varna"]
[Date "2015.07.02"]
[Round "7"]
[White "Simeonov, Svetoslav"]
[Black "Ivanov, Docho"]
[Result "1-0"]
[WhiteElo "1773"]
[BlackElo "1864"]
[PlyCount "89"]
[EventDate "2015.06.26"]
[EventType "swiss"]
[EventRounds "9"]
[EventCountry "BUL"]
[SourceTitle "EXT 2016"]
[Source "ChessBase"]
[SourceDate "2015.10.08"]
[SourceVersion "1"]
[SourceVersionDate "2015.10.08"]
[SourceQuality "1"]

1. c4 c5 2. Nc3 Nc6 3. g3 Nf6 4. b3 e6 5. Bg2 d5 6. cxd5 exd5 7. d3 Be7 8. Bb2 0-0 9. Nf3 d4 10. Ne4 Nxe4 11. dxe4 Re8 12. 0-0 Bg4 13. Ne1 Qd6 14. h3 Bd7 15. Nd3 Ne5 16. f4 Nxd3 17. exd3 Qg6 18. Kh2 Bc6 19. f5 Qd6 20. Qg4 Bf6 21. Bc1 Bb5 22. Rf3 Qa6 23. Bg5 Bxg5 24. Qxg5 f6 25. Qd2 Qd6 26. Kh1 a5 27. a4 Bd7 28. g4 h6 29. h4 Ra6 30. Rh3 Qe7 31. Bf3 Qd8 32. Rg1 b5 33. g5 fxg5 34. hxg5 hxg5 35. Rxg5 bxa4 36. bxa4 Rb6 37. Rgh5 Kf7 38. Rh7 Rg8 39. Qa2+ Ke7 40. Rg3 Kd6 41. Qd5+ Kc7 42. Qxc5+ Kb8 43. Qxd4 Qc7 44. Rg1 Qf4 45. Qxb6+ 1-0

[Event "Sofia MGU op 128th"]
[Site "Sofia"]
[Date "2014.12.06"]
[Round "2"]
[White "Georgiev, Nikolay"]
[Black "Simeonov, Svetoslav"]
[Result "1-0"]
[WhiteElo "1640"]
[BlackElo "1792"]
[PlyCount "25"]
[EventDate "2014.12.06"]
[EventType "swiss"]
[EventRounds "6"]
[EventCountry "BUL"]
[SourceTitle "CBM 163 Extra"]
[Source "ChessBase"]
[SourceDate "2014.12.23"]
[SourceVersion "1"]
[SourceVersionDate "2014.12.23"]
[SourceQuality "1"]

1. e4 c5 2. Nf3 Nc6 3. Nc3 d6 4. d4 cxd4 5. Nxd4 Nf6 6. Bc4 Bg4 7. f3 Bd7 8. Be3 Qb6 9. Qd2 Qxb2 10. Rb1 Qa3 11. Ncb5 Qc5 12. Nc7+ Kd8 13. Nde6+ 1-0

[Event "Sofia MGU op 125th"]
[Site "Sofia"]
[Date "2014.11.16"]
[Round "4"]
[White "Simeonov, Svetoslav"]
[Black "Milchev, Nikolay"]
[Result "1/2-1/2"]
[WhiteElo "1799"]
[BlackElo "2415"]
[PlyCount "31"]
[EventDate "2014.11.15"]
[EventType "swiss"]
[EventRounds "6"]
[EventCountry "BUL"]
[SourceTitle "EXT 2015"]
[Source "ChessBase"]
[SourceDate "2014.11.20"]
[SourceVersion "1"]
[SourceVersionDate "2014.11.20"]
[SourceQuality "1"]

1. c4 e5 2. Nc3 Nf6 3. g3 Bc5 4. Bg2 0-0 5. e3 Nc6 6. Nge2 d6 7. 0-0 Bg4 8. f3 Be6 9. b3 d5 10. d4 exd4 11. cxd5 Nxd5 12. Nxd5 Bxd5 13. exd4 Bb6 14. Bb2 Re8 15. Kh1 f6 16. Re1 1/2-1/2

[Event "Albena Masters op"]
[Site "Albena"]
[Date "2014.06.09"]
[Round "9"]
[White "Galinskyi, Mykhalo"]
[Black "Simeonov, Svetoslav"]
[Result "0-1"]
[WhiteElo "1487"]
[BlackElo "1770"]
[PlyCount "98"]
[EventDate "2014.06.01"]
[EventType "swiss"]
[EventRounds "9"]
[EventCountry "BUL"]
[SourceTitle "CBM 160 Extra"]
[Source "ChessBase"]
[SourceDate "2014.07.01"]
[SourceVersion "1"]
[SourceVersionDate "2014.07.01"]
[SourceQuality "1"]

1. e4 c5 2. Nf3 Nc6 3. d4 cxd4 4. Nxd4 Nf6 5. Nc3 d6 6. Bc4 Qa5 7. f3 Qc5 8. Nxc6 bxc6 9. Bb3 a5 10. a3 g6 11. Qd3 Ba6 12. Qe3 Nd7 13. Na4 Qh5 14. Nb6 Nxb6 15. Qxb6 Qb5 16. Qxb5 Bxb5 17. a4 Ba6 18. Bd2 Bb7 19. Bc3 e5 20. Rd1 Be7 21. 0-0 0-0 22. Rd2 Kg7 23. f4 f6 24. f5 Rfd8 25. Be6 d5 26. Re2 Ba6 27. Rfe1 Bxe2 28. Rxe2 Bc5+ 29. Kf1 dxe4 30. g3 e3 31. fxg6 hxg6 32. Bg4 Rd6 33. Bf3 Ra7 34. g4 Bd4 35. h3 c5 36. Be4 Rd8 37. Bd3 Rf8 38. Kg2 f5 39. g5 e4 40. Bc4 f4 41. Re1 Rf5 42. h4 f3+ 43. Kg3 Bxc3 44. bxc3 e2 45. Kf2 Rf4 46. Rh1 Re7 47. Ke3 Rxh4 48. Re1 Rg4 49. Bb5 Rxg5 0-1

[Event "Albena Masters op"]
[Site "Albena"]
[Date "2014.06.07"]
[Round "7"]
[White "Shevchenko, Kirill"]
[Black "Simeonov, Svetoslav"]
[Result "1-0"]
[WhiteElo "2076"]
[BlackElo "1770"]
[PlyCount "63"]
[EventDate "2014.06.01"]
[EventType "swiss"]
[EventRounds "9"]
[EventCountry "BUL"]
[SourceTitle "CBM 160 Extra"]
[Source "ChessBase"]
[SourceDate "2014.07.01"]
[SourceVersion "1"]
[SourceVersionDate "2014.07.01"]
[SourceQuality "1"]

1. e4 c5 2. Nf3 Nc6 3. d4 cxd4 4. Nxd4 Nf6 5. Nc3 g6 6. Be3 Bg7 7. Bc4 d6 8. f3 Qb6 9. Nf5 Qxb2 10. Nxg7+ Kf8 11. Nd5 Nxd5 12. Bxd5 Qc3+ 13. Kf2 Kxg7 14. Rb1 Qa5 15. Rf1 Qc7 16. f4 e6 17. Bxc6 bxc6 18. Kg1 Ba6 19. Rf3 Rab8 20. f5 Rhc8 21. Rxb8 Rxb8 22. h3 Rb4 23. fxe6 fxe6 24. Bh6+ Kxh6 25. Qd2+ Kg7 26. Qxb4 Qb6+ 27. Qxb6 axb6 28. Rb3 Bc4 29. Rxb6 Bxa2 30. Rxc6 d5 31. Rxe6 dxe4 32. Rxe4 1-0

[Event "Blagoevgrad op"]
[Site "Blagoevgrad"]
[Date "2013.09.30"]
[Round "4"]
[White "Chepandov, Georgi"]
[Black "Simeonov, Svetoslav"]
[Result "1-0"]
[WhiteElo "2010"]
[BlackElo "1792"]
[PlyCount "69"]
[EventDate "2013.09.28"]
[EventType "swiss"]
[EventRounds "9"]
[EventCountry "BUL"]
[SourceTitle "CBM 156 Extra"]
[Source "ChessBase"]
[SourceDate "2013.10.22"]
[SourceVersion "1"]
[SourceVersionDate "2013.10.22"]
[SourceQuality "1"]

1. e4 c5 2. Nf3 Nc6 3. d4 cxd4 4. Nxd4 Nf6 5. Nc3 d6 6. Bg5 Qa5 7. Bxf6 gxf6 8. Nb3 Qe5 9. f3 a6 10. Nd5 Rb8 11. Nc3 h5 12. Qd5 Qf4 13. Ne2 Qe3 14. Qd2 Qb6 15. Nc3 Bh6 16. f4 f5 17. Nd5 Qd8 18. Bd3 fxe4 19. Bxe4 Bg4 20. g3 Qd7 21. Ne3 Bg7 22. c3 h4 23. Rg1 f5 24. Bc2 Qe6 25. Kf2 b5 26. Rae1 Qd7 27. Qd5 e5 28. Nxg4 Ne7 29. Nxe5 dxe5 30. Qxd7+ Kxd7 31. fxe5 hxg3+ 32. hxg3 b4 33. Nc5+ Ke8 34. Nxa6 Rb5 35. Nc7+ 1-0

[Event "Blagoevgrad op"]
[Site "Blagoevgrad"]
[Date "2013.09.29"]
[Round "3"]
[White "Simeonov, Svetoslav"]
[Black "Mandzhukov, Stoyan"]
[Result "1/2-1/2"]
[WhiteElo "1792"]
[BlackElo "1959"]
[PlyCount "171"]
[EventDate "2013.09.28"]
[EventType "swiss"]
[EventRounds "9"]
[EventCountry "BUL"]
[SourceTitle "CBM 156 Extra"]
[Source "ChessBase"]
[SourceDate "2013.10.22"]
[SourceVersion "1"]
[SourceVersionDate "2013.10.22"]
[SourceQuality "1"]

1. c4 Nf6 2. Nc3 g6 3. g3 Bg7 4. Bg2 0-0 5. d4 d6 6. e3 Nbd7 7. Nge2 e5 8. d5 a5 9. 0-0 Nc5 10. b3 Bf5 11. Ba3 Ne8 12. f3 Qc8 13. g4 Bd7 14. Qd2 f5 15. h3 e4 16. Nd4 exf3 17. Bxf3 fxg4 18. Bxg4 Bxg4 19. Rxf8+ Bxf8 20. hxg4 Qxg4+ 21. Qg2 Qxg2+ 22. Kxg2 Bg7 23. Rf1 Nf6 24. Bxc5 dxc5 25. Ne6 Ng4 26. Nd1 Bh6 27. Rf3 Ne5 28. Rh3 Bf8 29. Nxc7 Rc8 30. Ne6 Be7 31. Nc3 Nf7 32. Ne4 b6 33. Rf3 Ne5 34. Nf6+ Bxf6 35. Rxf6 Nf7 36. Kf3 Ne5+ 37. Ke4 Nd7 38. Rf2 Re8 39. a4 Re7 40. Rf4 h5 41. Kf3 Re8 42. Ng5 Re7 43. e4 Kg7 44. Kg3 Kh6 45. Kh4 Ne5 46. Rf8 Nd7 47. Rh8+ Kg7 48. Rd8 Nf6 49. Ne6+ Kh7 50. e5 Ng4 51. Ng5+ Kg7 52. e6 Kf6 53. d6 Rxe6 54. Nxe6 Kxe6 55. Rb8 Kxd6 56. Rxb6+ Ke5 57. Rxg6 Nf6 58. Kg5 Ne4+ 59. Kxh5 Kd4 60. Rb6 Nd2 61. Rb5 Kc3 62. Rxc5 Kxb3 63. Rxa5 Nxc4 64. Ra8 Kb4 65. Kg6 Na5 66. Kf5 Kxa4 67. Ke4 Kb5 68. Kd5 Kb6 69. Rb8+ Kc7 70. Rb5 Nb7 71. Ke4 Kc6 72. Rb1 Na5 73. Rc1+ Kb6 74. Kd5 Nb7 75. Rc6+ Kb5 76. Rh6 Nd8 77. Rd6 Nb7 78. Rd7 Kb6 79. Rh7 Na5 80. Rh8 Kc7 81. Rh3 Nb7 82. Rb3 Na5 83. Ra3 Nb7 84. Ra8 Kb6 85. Rc8 Na5 86. Rc1 1/2-1/2

[Event "Kesarovski Georgiev Memorial-B 12th"]
[Site "Sunny Beach"]
[Date "2013.09.07"]
[Round "8"]
[White "Simeonov, Svetoslav"]
[Black "Luijpen, Michiel"]
[Result "0-1"]
[WhiteElo "1805"]
[BlackElo "2016"]
[PlyCount "66"]
[EventDate "2013.08.31"]
[EventType "swiss"]
[EventRounds "9"]
[EventCountry "BUL"]
[SourceTitle "CBM 156 Extra"]
[Source "ChessBase"]
[SourceDate "2013.10.22"]
[SourceVersion "1"]
[SourceVersionDate "2013.10.22"]
[SourceQuality "1"]

1. e3 d5 2. Ne2 Nf6 3. b3 c5 4. Bb2 Bg4 5. f3 Bh5 6. d4 e6 7. Nf4 Bg6 8. h4 Bd6 9. Ne2 cxd4 10. Bxd4 Qc7 11. Bxf6 Bxc2 12. Qd4 gxf6 13. f4 Nd7 14. Nbc3 Qa5 15. Kf2 Bc5 16. Qa4 Qb6 17. Nd4 Bxd4 18. exd4 Rc8 19. Nb5 a6 20. Na3 Be4 21. Be2 Qc7 22. g3 Bxh1 23. Rxh1 0-0 24. Rd1 f5 25. Nb1 Nf6 26. Nd2 Ne4+ 27. Nxe4 fxe4 28. b4 Qc6 29. b5 axb5 30. Bxb5 Qc2+ 31. Kg1 Rc3 32. Qxc2 Rxc2 33. a4 Rfc8 0-1

[Event "Varna op 4th"]
[Site "Varna"]
[Date "2010.06.15"]
[Round "4"]
[White "Simeonov, Svetoslav"]
[Black "Filatov, Semen"]
[Result "0-1"]
[WhiteElo "1802"]
[BlackElo "1613"]
[PlyCount "142"]
[EventDate "2010.06.12"]
[EventType "swiss"]
[EventRounds "9"]
[EventCountry "BUL"]
[SourceTitle "CBM 136 Extra"]
[Source "ChessBase"]
[SourceDate "2010.07.02"]
[SourceVersion "2"]
[SourceVersionDate "2010.07.15"]
[SourceQuality "1"]

1. c4 c6 2. g3 d5 3. cxd5 cxd5 4. Nf3 Nf6 5. Bg2 Nc6 6. 0-0 Bf5 7. d3 e6 8. Nh4 Bg4 9. h3 Bh5 10. Nc3 Bd6 11. Nb5 Bxg3 12. fxg3 Qb6+ 13. Kh1 Qxb5 14. Bg5 Nd7 15. a4 Qb6 16. g4 Bg6 17. e4 dxe4 18. dxe4 f6 19. Bf4 e5 20. Bd2 0-0 21. b4 Rfd8 22. Nxg6 hxg6 23. Qb3+ Kh7 24. g5 Nd4 25. Qg3 f5 26. exf5 Nxf5 27. Rxf5 gxf5 28. Qh4+ Kg6 29. Qe1 Rh8 30. Be3 Qe6 31. h4 Qc4 32. Bf2 e4 33. Rd1 Qe6 34. Bg3 Ne5 35. Bxe4 Rad8 36. Rxd8 Rxd8 37. Bxb7 Re8 38. Bg2 Ng4 39. Qxe6+ Rxe6 40. Bf3 Re3 41. Kg2 Ra3 42. Bc6 Ra2+ 43. Kf3 Ra3+ 44. Kf4 Rb3 45. Be1 Re3 46. Bd2 Re6 47. b5 Re2 48. Bc3 Rf2+ 49. Kg3 Ra2 50. Be8+ Kh7 51. g6+ Kh6 52. a5 Ra3 53. Kf4 Rxc3 54. Kxf5 Nf6 55. Bc6 a6 56. Bb7 axb5 57. a6 Ra3 58. Ke5 Nd7+ 59. Kd4 Nb8 60. Kc5 Nxa6+ 61. Kxb5 Rb3+ 62. Kxa6 Rxb7 63. Kxb7 Kxg6 64. Kc6 Kh5 65. Kd5 Kxh4 66. Ke4 Kg4 67. Ke3 Kg3 68. Ke2 Kg2 69. Ke3 g5 70. Ke2 g4 71. Ke1 g3 0-1